LEADER 00975nam 2200253la 450 001 9910482279403321 005 20221102161036.0 035 $a(UK-CbPIL)2090304062 035 $a(CKB)5500000000090378 035 $a(EXLCZ)995500000000090378 100 $a20221102d1577 uy | 101 0 $adut 135 $aurcn||||a|bb| 200 10$aDe historie, natuere, ende beduidenisse der erschrickelicke comeet, die geopenbaert is int iaer ons Heren 1577. By Joannes Huernius 210 $aCologne $cN. Bohmbargen$d1577 215 $aOnline resource (4°) 300 $aReproduction of original in Koninklijke Bibliotheek, Nationale bibliotheek van Nederland. 700 $aHeurne$b Johan van$f1543-1601.$0865929 801 0$bUk-CbPIL 801 1$bUk-CbPIL 906 $aBOOK 912 $a9910482279403321 996 $aDe historie, natuere, ende beduidenisse der erschrickelicke comeet, die geopenbaert is int iaer ons Heren 1577. By Joannes Huernius$91970116 997 $aUNINA